=LDR 00000nam 2200000 4500 =001 000408 =005 20250710032908 =035 ##$$a 0010-0725000270 =007 ta =008 250710################a##########0#ind## =020 ##$$a 978-623-307-639-5 =082 ##$$a 398.209 598 =084 ##$$a 398.209 598 IBR m =100 #$$a Ibrahim, Anwar =245 1#$$a Misha /$c Anwar Ibrahim =250 ##$$a Cetakan Pertama =260 ##$$a Jakarta Timur :$b Badan Pengembangan dan Pembinaan Bahasa,$c 2024 =300 ##$$a 20 hlm. : $b ilus. ; $c 2,9 cm =650 #4$$a Cerita Anak Indonesia-Terjemahan =650 #4$$a Literasi-Bahan Bacaan =856 ##$$a TBM As Suhada =990 ##$$a TBM01320132